| 000 | 00404nam a2200169Ia 4500 | ||
|---|---|---|---|
| 008 | 230524s9999 xx 000 0 und d | ||
| 020 | _a8123909195 | ||
| 082 |
_a621.382 _bGAG |
||
| 100 | _aRobert M.Gagliardi | ||
| 245 | 0 | _aSatellite Communication | |
| 250 | _a1ST | ||
| 260 |
_aNEW DELHI _bCBS _c2004 |
||
| 300 | _aXIV;471 | ||
| 500 | _aQuantity Number: 19 | ||
| 650 | _aElectronics | ||
| 942 | _cBK | ||
| 999 |
_c31155 _d31155 |
||